| 000 | 01173nab a22002417a 4500 | ||
|---|---|---|---|
| 999 |
_c5446 _d5446 |
||
| 003 | OSt | ||
| 005 | 20251023095255.0 | ||
| 008 | 190603e xxum|||| |||| 00| 0 spa d | ||
| 040 | _cPJ | ||
| 100 |
_96453 _aFontemachi, María A. |
||
| 245 | 1 | 0 |
_aCoparentalidad : _bun derecho de niñas, niños y adolescentes no comprendido / _cMaría A. Fontemachi. |
| 260 |
_cCiudad Autónoma de Buenos Aires : _aThomson Reuters La Ley, _b2025. |
||
| 300 | _ap. 5-11 | ||
| 500 | _aCita Online: TR LALEY AR/DOC/546/2025. | ||
| 505 | _aSumario: I. Introducción.— II. Normas constitucionales y realidades.— III. Legislación nacional y sus implicancias.— IV. Posibles aportes para el ejercicio de la coparentalidad. | ||
| 505 | _t¿Te interesa el texto completo? Solicitalo al correo: koha@justierradelfuego.gov.ar | ||
| 650 | 0 |
_91015 _aRESPONSABILIDAD PARENTAL |
|
| 650 | 0 |
_92741 _aDERECHOS DE LAS NIÑAS, NIÑOS Y ADOLESCENTES |
|
| 650 | 0 |
_94097 _aINTERES SUPERIOR DEL NIÑO |
|
| 650 | 0 |
_9968 _aALIMENTOS |
|
| 773 | 0 |
_02713 _93170 _dCiudad Autónoma de Buenos Aires : Thomson Reuters La Ley, 2015- _tRevista Código Civil y Comercial. Nº 2 - Abril 2025 |
|
| 942 |
_2udc _cANA |
||